[Event "Norrkoeping Easter op"]
[Site "Norrkoeping"]
[Date "2023.04.09"]
[Round "6"]
[White "Stellas, Dimitrios"]
[Black "Malesevic, Nedeljko"]
[Result "0-1"]
[WhiteElo "2031"]
[BlackElo "2225"]
[PlyCount "96"]
[EventDate "2023.04.07"]
[EventType "swiss"]
[EventRounds "8"]
[EventCountry "SWE"]
[SourceTitle "CBM 213 Extra"]
[Source "ChessBase"]
[SourceDate "2023.05.31"]
[SourceVersion "1"]
[SourceVersionDate "2023.05.31"]
[SourceQuality "1"]

1. d4 d5 2. Bf4 e6 3. e3 Bd6 4. c3 Nf6 5. Nd2 Bxf4 6. exf4 Qd6 7. g3 c5 8. dxc5 Qxc5 9. Ngf3 Nc6 10. Bd3 b5 11. 0-0 Rb8 12. Qe2 0-0 13. Nb3 Qb6 14. Rac1 Bd7 15. Rfd1 Rfc8 16. Ne5 Be8 17. Nxc6 Bxc6 18. Nd4 Bd7 19. a3 a5 20. Nc2 b4 21. axb4 Ba4 22. Rd2 Bxc2 23. Rdxc2 axb4 24. cxb4 Rxc2 25. Qxc2 Qxb4 26. Qc3 Ne8 27. Qxb4 Rxb4 28. Rc2 Kf8 29. Kf1 Ke7 30. Ke1 Nf6 31. f3 Kd6 32. Kd1 h6 33. Kc1 g5 34. fxg5 hxg5 35. Be2 e5 36. Rc8 g4 37. fxg4 Nxg4 38. Bxg4 Rxg4 39. Rf8 Ke6 40. Kd2 Rb4 41. Kc3 Rc4+ 42. Kd2 e4 43. h4 Rd4+ 44. Kc2 Ke7 45. Ra8 e3 46. Ra1 Rd2+ 47. Kc3 d4+ 48. Kc4 e2 0-1

[Event "Kragero op"]
[Site "Kragero"]
[Date "2020.02.23"]
[Round "9"]
[White "Stellas, Dimitrios"]
[Black "Nordquelle, Daniel"]
[Result "0-1"]
[WhiteElo "2015"]
[BlackElo "2242"]
[PlyCount "164"]
[EventDate "2020.02.19"]
[EventType "swiss"]
[EventRounds "9"]
[EventCountry "NOR"]
[SourceTitle "CBM 195 Extra"]
[Source "ChessBase"]
[SourceDate "2020.05.31"]
[SourceVersion "1"]
[SourceVersionDate "2020.05.31"]
[SourceQuality "1"]

1. d4 d5 2. Bf4 Nf6 3. e3 c5 4. c3 Nc6 5. Nd2 Bf5 6. Ngf3 e6 7. Qb3 Qc8 8. Nh4 Bg4 9. h3 Bh5 10. g4 Bg6 11. Nxg6 hxg6 12. Be2 Be7 13. Bg3 g5 14. Bf3 Qd7 15. 0-0-0 c4 16. Qc2 b5 17. e4 b4 18. exd5 exd5 19. Rde1 0-0-0 20. Qa4 Nb8 21. Qa5 Rhe8 22. Bd1 Nc6 23. Qb5 bxc3 24. bxc3 Ba3+ 25. Kb1 Qb7 26. Ba4 Bd6 27. Bxd6 Rxd6 28. Rxe8+ Nxe8 29. Re1 Qxb5+ 30. Bxb5 Nc7 31. Bxc6 Rxc6 32. Re5 f6 33. Re3 Kd7 34. Kc2 Ra6 35. Kb2 Rb6+ 36. Kc2 Rb8 37. Re1 Ne6 38. Nf1 Nf4 39. Ne3 g6 40. Rh1 Rh8 41. Rb1 Kc6 42. a4 Rxh3 43. Rb5 Rh2 44. Rc5+ Kd6 45. Nd1 Nd3 46. Ra5 Nxf2 47. Ra6+ Kc7 48. Rxa7+ Kb6 49. Rd7 Nxg4+ 50. Kb1 Kc6 51. Ra7 Rh1 52. Kc2 Rf1 53. Ra6+ Kb7 54. Rd6 Nh2 55. Rxd5 g4 56. Ne3 Re1 57. Rb5+ Kc8 58. Nxg4 Nxg4 59. Rc5+ Kb7 60. Kd2 Ra1 61. Rxc4 f5 62. Rb4+ Kc6 63. Kc2 Ne3+ 64. Kb2 Rh1 65. a5 Rh8 66. Rb6+ Kd5 67. Rxg6 Nc4+ 68. Kb3 Nxa5+ 69. Ka4 Nc4 70. Rf6 Ra8+ 71. Kb3 Rb8+ 72. Kc2 Rb2+ 73. Kc1 Rf2 74. Kd1 Nd6 75. Rf8 Kc4 76. Ke1 Rf3 77. Rd8 Re3+ 78. Kf1 Re6 79. Kf2 Kxc3 80. d5 Rf6 81. Kf3 Kd4 82. Kf4 Kxd5 0-1

[Event "Karlstad op"]
[Site "Karlstad"]
[Date "2019.12.28"]
[Round "4"]
[White "Ronneland, Daniel"]
[Black "Stellas, Dimitrios"]
[Result "1/2-1/2"]
[WhiteElo "2169"]
[BlackElo "2001"]
[PlyCount "49"]
[EventDate "2019.12.27"]
[EventType "swiss"]
[EventRounds "8"]
[EventCountry "SWE"]
[SourceTitle "CBM 195 Extra"]
[Source "ChessBase"]
[SourceDate "2020.05.31"]
[SourceVersion "1"]
[SourceVersionDate "2020.05.31"]
[SourceQuality "1"]

1. d4 d5 2. c4 e6 3. Nc3 Nf6 4. Nf3 Be7 5. Bf4 0-0 6. e3 b6 7. Be2 dxc4 8. Bxc4 Bb7 9. 0-0 c5 10. Rc1 Nc6 11. a3 cxd4 12. exd4 Rc8 13. Ba2 Na5 14. Qd3 Nd5 15. Bb1 f5 16. Nxd5 Bxd5 17. Rxc8 Qxc8 18. Rc1 Qa8 19. b4 Nc6 20. Qe3 Bf6 21. Ne5 Bxe5 22. Bxe5 Nxe5 23. Qxe5 Rc8 24. Rxc8+ Qxc8 25. Qe3 1/2-1/2

[Event "Karlstad op"]
[Site "Karlstad"]
[Date "2019.12.28"]
[Round "5"]
[White "Stellas, Dimitrios"]
[Black "Ask, Josef"]
[Result "0-1"]
[WhiteElo "2001"]
[BlackElo "2185"]
[PlyCount "136"]
[EventDate "2019.12.27"]
[EventType "swiss"]
[EventRounds "8"]
[EventCountry "SWE"]
[SourceTitle "CBM 195 Extra"]
[Source "ChessBase"]
[SourceDate "2020.05.31"]
[SourceVersion "1"]
[SourceVersionDate "2020.05.31"]
[SourceQuality "1"]

1. d4 Nf6 2. Nf3 g6 3. Bg5 Bg7 4. c3 b6 5. Nbd2 Bb7 6. e3 d6 7. Bc4 Nbd7 8. 0-0 0-0 9. Re1 d5 10. Bd3 Ne4 11. Bf4 Ndf6 12. h3 c5 13. Qe2 a6 14. Bh2 c4 15. Bc2 b5 16. Nxe4 Nxe4 17. Nd2 Qb6 18. f3 Nxd2 19. Qxd2 Rad8 20. Kh1 a5 21. a3 Rfe8 22. Re2 e5 23. Qe1 Re7 24. Qd2 Rde8 25. Rae1 Bf6 26. Bg3 Kg7 27. Bd1 Kg8 28. f4 exd4 29. exd4 b4 30. axb4 axb4 31. Rxe7 Rxe7 32. Rxe7 Bxe7 33. Qe3 Bf8 34. Kh2 Qe6 35. Qxe6 fxe6 36. Be1 b3 37. Bd2 Bd6 38. g3 Kf7 39. Kg2 Kf6 40. Kf2 Bc6 41. Bf3 Be8 42. Bd1 Bf7 43. Bf3 Kg7 44. Bc1 h6 45. Bd2 Be7 46. Be2 g5 47. Bf3 Kf6 48. Be3 Bd6 49. h4 gxh4 50. gxh4 h5 51. Kg3 Bg6 52. Bg2 Be4 53. Bh3 Bf5 54. Bg2 Bg4 55. Bc1 Kf5 56. Bd2 Bf8 57. Bc1 Bh6 58. Be3 e5 59. dxe5 d4 60. Bxd4 Bxf4+ 61. Kf2 Bc1 62. Bf1 Bxb2 63. Bxc4 Bd1 64. Ke1 Bc2 65. Kd2 Ba3 66. Bf7 Kg4 67. e6 Be7 68. Bf2 Bf5 0-1

[Event "Karlstad op"]
[Site "Karlstad"]
[Date "2019.12.27"]
[Round "3"]
[White "Stellas, Dimitrios"]
[Black "Lundin, Jan"]
[Result "0-1"]
[WhiteElo "2001"]
[BlackElo "2347"]
[PlyCount "74"]
[EventDate "2019.12.27"]
[EventType "swiss"]
[EventRounds "8"]
[EventCountry "SWE"]
[SourceTitle "CBM 195 Extra"]
[Source "ChessBase"]
[SourceDate "2020.05.31"]
[SourceVersion "1"]
[SourceVersionDate "2020.05.31"]
[SourceQuality "1"]

1. d4 Nf6 2. Bf4 e6 3. e3 b6 4. Nf3 Bb7 5. Nbd2 Nh5 6. Bg5 Be7 7. Bxe7 Qxe7 8. Bd3 Nf6 9. 0-0 Nc6 10. c3 0-0 11. e4 d6 12. e5 dxe5 13. dxe5 Nd7 14. Re1 Rfd8 15. Qc2 Nf8 16. Re3 a5 17. h4 a4 18. Ng5 h6 19. f4 hxg5 20. hxg5 Qc5 21. Nf1 Rxd3 22. Qxd3 Rd8 23. Qe2 Ng6 24. Kh2 Nxf4 25. Qg4 Ng6 26. Rh3 Ncxe5 27. Qh5 Qf2 28. Ne3 Rd2 29. Qh7+ Kf8 30. Rf1 Qxf1 31. Nxf1 Rxg2+ 32. Kh1 Rxb2+ 33. Kg1 Rg2+ 34. Kh1 Rxa2+ 35. Kg1 Rg2+ 36. Kh1 Rxg5+ 37. Kh2 Ng4+ 0-1

[Event "Nordic-ch"]
[Site "Sarpsborg"]
[Date "2019.06.24"]
[Round "6"]
[White "Stellas, Dimitrios"]
[Black "Stanford, Sheila Barth"]
[Result "1/2-1/2"]
[WhiteElo "1976"]
[BlackElo "2127"]
[PlyCount "86"]
[EventDate "2019.06.21"]
[EventType "swiss"]
[EventRounds "9"]
[EventCountry "NOR"]
[SourceTitle "CBM 191 Extra"]
[Source "ChessBase"]
[SourceDate "2019.09.30"]
[SourceVersion "1"]
[SourceVersionDate "2019.09.30"]
[SourceQuality "1"]

1. d4 Nf6 2. Bf4 d5 3. e3 c5 4. c3 Nc6 5. Nd2 Bf5 6. Qb3 Qc8 7. h3 c4 8. Qd1 e6 9. Ngf3 h6 10. Be2 Be7 11. Ne5 b5 12. a3 a5 13. 0-0 0-0 14. f3 Nxe5 15. Bxe5 b4 16. e4 Bh7 17. Re1 Nd7 18. Bg3 Re8 19. Bf1 Qc6 20. Qe2 Kf8 21. axb4 axb4 22. Rxa8 Qxa8 23. Qd1 Nb6 24. exd5 exd5 25. cxb4 Bxb4 26. Rxe8+ Qxe8 27. Nb1 Qe3+ 28. Bf2 Qb3 29. Qc1 g5 30. Nc3 Qc2 31. Qxc2 Bxc2 32. Be3 Ke7 33. Kf2 Kd7 34. Be2 Kc6 35. h4 f6 36. hxg5 hxg5 37. f4 gxf4 38. Bxf4 Bd6 39. Bxd6 Kxd6 40. Ke3 Nc8 41. Bf3 Ne7 42. Kd2 Bh7 43. Ne2 Bg6 1/2-1/2

[Event "Nordic-ch"]
[Site "Sarpsborg"]
[Date "2019.06.22"]
[Round "2"]
[White "Stellas, Dimitrios"]
[Black "Granholt, Morten"]
[Result "1-0"]
[WhiteElo "1976"]
[BlackElo "1478"]
[PlyCount "33"]
[EventDate "2019.06.21"]
[EventType "swiss"]
[EventRounds "9"]
[EventCountry "NOR"]
[SourceTitle "CBM 191 Extra"]
[Source "ChessBase"]
[SourceDate "2019.09.30"]
[SourceVersion "1"]
[SourceVersionDate "2019.09.30"]
[SourceQuality "1"]

1. d4 Nf6 2. Bf4 d5 3. e3 e6 4. Nd2 c5 5. c3 Bd6 6. Bg3 0-0 7. Ngf3 Bxg3 8. hxg3 cxd4 9. exd4 h6 10. Bd3 b6 11. Qe2 Nbd7 12. Ne5 Qc7 13. g4 Nh7 14. Ndf3 Qd8 15. 0-0-0 Ng5 16. Rh5 Nf6 17. Nxg5 1-0

[Event "Patra Achaios"]
[Site "Patra"]
[Date "2009.02.15"]
[Round "7"]
[White "Nikolakopoulos, Nikolaos"]
[Black "Stellas, Dimitrios"]
[Result "1/2-1/2"]
[WhiteElo "2023"]
[BlackElo "1989"]
[PlyCount "81"]
[EventDate "2009.02.06"]
[EventType "tourn"]
[EventRounds "5"]
[EventCountry "GRE"]
[SourceTitle "EXT 2024"]
[Source "ChessBase"]
[SourceDate "2023.10.10"]
[SourceVersion "1"]
[SourceVersionDate "2023.10.10"]
[SourceQuality "1"]

1. e4 c5 2. Nf3 e6 3. c3 Nf6 4. e5 Nd5 5. d4 cxd4 6. cxd4 d6 7. a3 Nc6 8. Bd3 Qb6 9. Nc3 Nxc3 10. bxc3 dxe5 11. dxe5 Be7 12. Qe2 Bd7 13. 0-0 Qc7 14. Bf4 h6 15. h3 g5 16. Bg3 h5 17. Nd4 Nxd4 18. cxd4 Bc6 19. Rfd1 Qa5 20. Be4 Bxe4 21. Qxe4 Qd5 22. Qc2 h4 23. Bh2 g4 24. hxg4 h3 25. gxh3 Rxh3 26. Rd3 Rh4 27. f3 f5 28. Qb3 Qxb3 29. Rxb3 fxg4 30. Bg3 Rh7 31. fxg4 Rg7 32. Kf2 Rxg4 33. Rxb7 Rxd4 34. Rh1 Rc8 35. Rh8+ Bf8 36. Bh4 Rf4+ 37. Kg3 Rf7 38. Rxf7 Kxf7 39. Rh7+ Kg6 40. Rxa7 Rc3+ 41. Kg4 1/2-1/2

[Event "Patra Achaios"]
[Site "Patra"]
[Date "2009.02.15"]
[Round "6"]
[White "Stellas, Dimitrios"]
[Black "Tsangaris, Spyridon"]
[Result "1/2-1/2"]
[WhiteElo "1989"]
[BlackElo "1993"]
[PlyCount "81"]
[EventDate "2009.02.06"]
[EventType "tourn"]
[EventRounds "5"]
[EventCountry "GRE"]
[SourceTitle "EXT 2024"]
[Source "ChessBase"]
[SourceDate "2023.10.10"]
[SourceVersion "1"]
[SourceVersionDate "2023.10.10"]
[SourceQuality "1"]

1. d4 d5 2. c4 c6 3. e3 Bf5 4. Nf3 e6 5. Nc3 Nd7 6. Be2 Bd6 7. 0-0 Ngf6 8. b3 h6 9. Bb2 Ne4 10. Nxe4 dxe4 11. Ne5 Qh4 12. g3 Qe7 13. Nxd7 Qxd7 14. d5 0-0 15. dxc6 Qxc6 16. Qc2 Rfd8 17. Rfd1 Be7 18. Rxd8+ Rxd8 19. Rd1 Rd6 20. Bc3 Bg6 21. Rxd6 Bxd6 22. Qd2 b6 23. h4 f5 24. Kf1 Qc7 25. Kg2 e5 26. Bd1 Bf7 27. Be2 Qe7 28. Qd1 Bc5 29. Bh5 g6 30. Be2 f4 31. Bg4 fxe3 32. fxe3 Bxe3 33. Qe2 Bd4 34. Bd2 h5 35. Bh3 e3 36. Bxe3 Qd6 37. Kh2 Be8 38. Bxd4 Qxd4 39. Bg2 Bf7 40. Be4 Kg7 41. Kg2 1/2-1/2

[Event "Patra Achaios"]
[Site "Patra"]
[Date "2009.02.14"]
[Round "5"]
[White "Stellas, Dimitrios"]
[Black "Spyropoulos, Georgios"]
[Result "1/2-1/2"]
[WhiteElo "1989"]
[BlackElo "2193"]
[PlyCount "136"]
[EventDate "2009.02.06"]
[EventType "tourn"]
[EventRounds "5"]
[EventCountry "GRE"]
[SourceTitle "EXT 2024"]
[Source "ChessBase"]
[SourceDate "2023.10.10"]
[SourceVersion "1"]
[SourceVersionDate "2023.10.10"]
[SourceQuality "1"]

1. c4 Nf6 2. Nc3 e6 3. Nf3 d5 4. e3 c6 5. d4 Nbd7 6. Bd3 Bd6 7. 0-0 0-0 8. e4 dxc4 9. Bxc4 e5 10. Bg5 Qc7 11. d5 h6 12. Bxf6 Nxf6 13. Rc1 Bg4 14. Be2 Qe7 15. dxc6 bxc6 16. Nd2 Be6 17. Qc2 Rab8 18. Na4 Rb4 19. b3 Rd4 20. Rfd1 Ba3 21. Rb1 Rfd8 22. Bf3 Bb4 23. Nf1 g5 24. g3 g4 25. Bg2 Nh7 26. Rxd4 exd4 27. Nb2 Ng5 28. Nd3 Bc3 29. Nd2 Qf6 30. Nc4 h5 31. Qc1 Rb8 32. Ncb2 h4 33. Qf4 Qxf4 34. gxf4 h3 35. fxg5 hxg2 36. Rd1 Rb5 37. Kxg2 Rxg5 38. Na4 Ra5 39. Nxc3 dxc3 40. Rc1 Rxa2 41. Rxc3 Rd2 42. Nc5 Bc8 43. Rd3 Rxd3 44. Nxd3 f6 45. b4 Kf7 46. f4 gxf3+ 47. Kxf3 Ke7 48. Ke3 Kd6 49. Kd4 Bg4 50. e5+ fxe5+ 51. Nxe5 Be2 52. Nc4+ Kc7 53. Kc5 Bh5 54. Ne5 Be8 55. h4 Kb7 56. Ng4 Bg6 57. Nf6 a5 58. bxa5 Ka6 59. Kb4 c5+ 60. Kxc5 Kxa5 61. Nd5 Bh5 62. Nf6 Bg6 63. Kd6 Kb5 64. Ke7 Kc5 65. Kf8 Kd6 66. Kg7 Bb1 67. h5 Ke5 68. h6 Kf4 1/2-1/2

[Event "Patra Achaios"]
[Site "Patra"]
[Date "2009.02.07"]
[Round "2"]
[White "Mouroutis, Konstantinos"]
[Black "Stellas, Dimitrios"]
[Result "0-1"]
[WhiteElo "2264"]
[BlackElo "1989"]
[PlyCount "61"]
[EventDate "2009.02.06"]
[EventType "tourn"]
[EventRounds "5"]
[EventCountry "GRE"]
[SourceTitle "EXT 2024"]
[Source "ChessBase"]
[SourceDate "2023.10.10"]
[SourceVersion "1"]
[SourceVersionDate "2023.10.10"]
[SourceQuality "1"]

1. d4 Nf6 2. Bg5 e6 3. e4 h6 4. Bxf6 Qxf6 5. c3 d6 6. Nd2 Nd7 7. Bd3 g6 8. Ne2 Bg7 9. 0-0 0-0 10. f4 Qe7 11. Qc2 Nf6 12. h3 b6 13. Rae1 Re8 14. Ng3 Bb7 15. Nf3 Qd7 16. Qf2 c5 17. f5 exf5 18. exf5 g5 19. Nd2 Rxe1 20. Rxe1 Re8 21. Nde4 Bxe4 22. Nxe4 Nxe4 23. Bxe4 d5 24. Bc2 Rxe1+ 25. Qxe1 cxd4 26. f6 Bxf6 27. Qf2 Qc6 28. Qf5 Kf8 29. Bb3 dxc3 30. bxc3 Qxc3 31. Kh1 0-1